000 00525nam a2200181 4500
001 3514
005 20181127171403.0
010 0 0 _a
020 0 0 _a
090 0 0 _a342.07 C7467p 2009
110 _aElection Commission of Bhutan.
_b
_c
_d
_e
_n
_p
245 0 0 _aPostal ballots rules and regulations of the Kingdom of Bhutan /
_b
_cElection Commission of Bhutan.
_h
250 0 0 _a1st ed.
260 0 0 _aThimphu :
_bElection Commission of Bhutan,
_c2009.
300 0 0 _av. : ill. ; 21 cm.
500 0 0 _a
650 0 0 _aElection law --Bhutan.
_x
999 _c2854
_d2854